Principios integrales de zoología
Enregistré dans:
| Auteur principal: | |
|---|---|
| Autres auteurs: | , , , , |
| Format: | Livre |
| Langue: | espagnol |
| Publié: |
Madrid
McGraw-Hill Interamericana
2009
|
| Édition: | Décima cuarta edición |
| Sujets: | |
| Tags: |
Ajouter un tag
Pas de tags, Soyez le premier à ajouter un tag!
|
MARC
| LEADER | 00000cam a2200000 a 4500 | ||
|---|---|---|---|
| 001 | UCH9922 | ||
| 003 | CL-VaPUC | ||
| 005 | 20241204104302.0 | ||
| 008 | 100304e20090000SP |||||||||||||||||spa|d | ||
| 999 | |c 339747 |d 339745 | ||
| 020 | |a 9788448168896 | ||
| 040 | |c Pontificia Universidad Católica de Valparaíso | ||
| 082 | 0 | 4 | |a 590 HIC 2009 |2 21 |
| 100 | |a Hickman, Cleveland P |e author |9 547215 | ||
| 245 | 1 | 0 | |a Principios integrales de zoología |
| 250 | |a Décima cuarta edición | ||
| 260 | |a Madrid |b McGraw-Hill Interamericana |c 2009 | ||
| 300 | |a 917 páginas | ||
| 583 | |a last modification |c 20171031 11:00:32 |k Rodrigo Vera | ||
| 650 | 0 | |a Zoología |x Animales |9 261613 | |
| 650 | 0 | |a Genética animal |x Reproducción |9 338540 | |
| 650 | 0 | |a Fisiología animal |x Biología animal |x Anatomía animal |9 891228 | |
| 700 | 0 | |a Roberts, Larry S |9 547216 | |
| 700 | 0 | |a Keen, Susan L |9 547217 | |
| 700 | 0 | |a Larson, Allan |9 547218 | |
| 700 | 0 | |a I'Anson, Helen |9 547219 | |
| 700 | 0 | |a Einsenhour, David J |9 547220 | |
| 942 | |c BK |2 ddc |n 0 | ||
| 945 | |d 20100304 00:00:00 |a cmena | ||
| 952 | |0 0 |1 0 |2 ddc |4 0 |6 590_000000000000000_HIC_2009 |7 0 |8 CCM |9 433560 |a BIBCUR |b BIBCUR |d 2019-11-22 |i 4648900 |l 8 |m 2 |o 590 HIC 2009 |p 4648900 |r 2025-04-22 |s 2023-10-05 |t 14 |w 2019-11-22 |y BK |k CIM | ||
| 952 | |0 0 |1 0 |2 ddc |4 0 |6 590_000000000000000_HIC_2009 |7 0 |8 CCM |9 433561 |a BIBCUR |b BIBCUR |d 2019-11-22 |i 4648919 |l 13 |m 2 |o 590 HIC 2009 |p 4648919 |r 2025-04-22 |s 2025-03-07 |t 15 |w 2019-11-22 |y BK |k CIM | ||
| 952 | |0 0 |1 0 |2 ddc |4 0 |6 590_000000000000000_HIC_2009 |7 0 |8 CCM |9 433562 |a BIBCUR |b BIBCUR |d 2019-11-22 |i 4648927 |l 10 |o 590 HIC 2009 |p 4648927 |r 2025-04-22 |s 2024-03-14 |t 16 |w 2019-11-22 |y BK |k CIM | ||
| 952 | |0 0 |1 0 |2 ddc |4 0 |6 590_000000000000000_HIC_2009 |7 0 |8 A |9 433563 |a BIBCUR |b BIBCUR |d 2019-11-22 |i 4723929 |l 1 |o 590 HIC 2009 |p 4723929 |r 2025-04-22 |s 2024-10-18 |t 1 |w 2019-11-22 |y BK |k BIO | ||
| 952 | |0 0 |1 0 |2 ddc |4 0 |6 590_000000000000000_HIC_2009 |7 0 |8 A |9 433564 |a BIBCUR |b BIBCUR |d 2019-11-22 |i 4723937 |l 3 |m 1 |o 590 HIC 2009 |p 4723937 |r 2025-04-22 |s 2024-09-06 |t 2 |w 2019-11-22 |y BK |k BIO | ||
| 952 | |0 0 |1 0 |2 ddc |4 0 |6 590_000000000000000_HIC_2009 |7 0 |8 A |9 433565 |a BIBCUR |b BIBCUR |d 2019-11-22 |i 4841107 |l 8 |m 5 |o 590 HIC 2009 |p 4841107 |r 2025-04-22 |s 2023-08-22 |t 3 |w 2019-11-22 |y BK |k BIO | ||
| 952 | |0 0 |1 0 |2 ddc |4 0 |6 590_000000000000000_HIC_2009 |7 0 |8 A |9 433566 |a BIBCUR |b BIBCUR |d 2019-11-22 |i 4841115 |l 3 |m 2 |o 590 HIC 2009 |p 4841115 |r 2025-04-22 |s 2023-11-24 |t 4 |w 2019-11-22 |y BK |k BIO | ||
| 952 | |0 0 |1 0 |2 ddc |4 0 |6 590_000000000000000_HIC_2009 |7 0 |8 A |9 433567 |a BIBCUR |b BIBCUR |d 2019-11-22 |i 4841123 |l 6 |m 2 |o 590 HIC 2009 |p 4841123 |r 2025-04-22 |s 2022-09-15 |t 5 |w 2019-11-22 |y BK |k BIO | ||
| 952 | |0 0 |1 0 |2 ddc |4 0 |6 590_000000000000000_HIC_2009 |7 0 |8 A |9 433568 |a BIBCUR |b BIBCUR |d 2019-11-22 |i 4975413 |l 2 |o 590 HIC 2009 |p 4975413 |r 2025-04-22 |s 2024-03-18 |t 6 |w 2019-11-22 |y BK |k BIO | ||
| 952 | |0 0 |1 0 |2 ddc |4 0 |6 590_000000000000000_HIC_2009 |7 0 |8 A |9 433569 |a BIBCUR |b BIBCUR |d 2019-11-22 |i 4975421 |l 11 |m 4 |o 590 HIC 2009 |p 4975421 |r 2025-04-22 |s 2024-10-07 |t 7 |w 2019-11-22 |y BK |k BIO | ||
| 952 | |0 0 |1 0 |2 ddc |3 erb |4 0 |6 590_000000000000000_HIC_2009 |7 0 |8 R |9 433570 |a BIBAGR |b BIBAGR |i 5072077 |l 11 |o 590 HIC 2009 |p 5072077 |r 2025-01-20 |s 2024-09-12 |t 17 |w 2019-11-22 |y BK_R |z Catalogado en:20140502 |k AGR | ||
| 952 | |0 0 |1 0 |2 ddc |3 erb |4 0 |6 590_000000000000000_HIC_2009 |7 0 |8 R |9 433571 |a BIBAGR |b BIBAGR |i 5072085 |l 3 |o 590 HIC 2009 |p 5072085 |r 2025-01-20 |s 2021-10-15 |t 18 |w 2019-11-22 |y BK_R |z Catalogado en:20140502 |k AGR | ||
| 952 | |0 0 |1 0 |2 ddc |3 erb |4 0 |6 590_000000000000000_HIC_2009 |7 0 |8 R |9 433572 |a BIBAGR |b BIBAGR |i 5072093 |l 1 |o 590 HIC 2009 |p 5072093 |r 2025-01-20 |s 2024-08-06 |t 19 |w 2019-11-22 |y BK_R |z Catalogado en:20140502 |k AGR | ||
| 952 | |0 0 |1 0 |2 ddc |3 erb |4 0 |6 590_000000000000000_HIC_2009 |7 0 |8 R |9 433573 |a BIBAGR |b BIBAGR |i 5072107 |o 590 HIC 2009 |p 5072107 |r 2025-01-20 |t 20 |w 2019-11-22 |y BK_R |z Catalogado en:20140502 |k AGR | ||
| 952 | |0 0 |1 0 |2 ddc |3 erb |4 0 |6 590_000000000000000_HIC_2009 |7 0 |8 R |9 433574 |a BIBAGR |b BIBAGR |i 5072115 |o 590 HIC 2009 |p 5072115 |r 2025-01-20 |t 21 |w 2019-11-22 |y BK_R |z Catalogado en:20140502 |k AGR | ||
| 952 | |0 0 |1 0 |2 ddc |3 erb |4 0 |6 590_000000000000000_HIC_2009 |7 0 |8 R |9 433575 |a BIBAGR |b BIBAGR |i 5072123 |l 9 |o 590 HIC 2009 |p 5072123 |r 2025-01-20 |s 2024-09-12 |t 22 |w 2019-11-22 |y BK_R |z Catalogado en:20140502 |k AGR | ||
| 952 | |0 0 |1 0 |2 ddc |3 erb |4 0 |6 590_000000000000000_HIC_2009 |7 0 |8 R |9 433576 |a BIBAGR |b BIBAGR |i 5072131 |o 590 HIC 2009 |p 5072131 |r 2025-01-20 |t 23 |w 2019-11-22 |y BK_R |z Catalogado en:20140502 |k AGR | ||
| 952 | |0 0 |1 0 |2 ddc |3 erb |4 0 |6 590_000000000000000_HIC_2009 |7 0 |8 R |9 433577 |a BIBAGR |b BIBAGR |i 507214K |o 590 HIC 2009 |p 507214K |r 2025-01-20 |t 24 |w 2019-11-22 |y BK_R |z Catalogado en:20140502 |k AGR | ||
| 952 | |0 0 |1 0 |2 ddc |3 erb |4 0 |6 590_000000000000000_HIC_2009 |7 0 |8 R |9 433578 |a BIBAGR |b BIBAGR |i 5072158 |o 590 HIC 2009 |p 5072158 |r 2025-01-20 |t 25 |w 2019-11-22 |y BK_R |z Catalogado en:20140502 |k AGR | ||
| 952 | |0 0 |1 0 |2 ddc |3 erb |4 0 |6 590_000000000000000_HIC_2009 |7 0 |8 R |9 433579 |a BIBAGR |b BIBAGR |i 5072166 |o 590 HIC 2009 |p 5072166 |r 2025-01-20 |t 26 |w 2019-11-22 |y BK_R |z Catalogado en:20140502 |k AGR | ||
| 952 | |0 0 |1 0 |2 ddc |3 erb |4 0 |6 590_000000000000000_HIC_2009 |7 0 |8 A |9 433580 |a BIBCUR |b BIBCUR |i 5262364 |l 7 |m 7 |o 590 HIC 2009 |p 5262364 |r 2025-04-22 |s 2024-10-15 |t 8 |w 2019-11-22 |y BK |z Catalogado en:20160114 |k BIO | ||
| 952 | |0 0 |1 0 |2 ddc |3 erb |4 0 |6 590_000000000000000_HIC_2009 |7 0 |8 A |9 433581 |a BIBCUR |b BIBCUR |i 5262372 |l 14 |m 9 |o 590 HIC 2009 |p 5262372 |r 2025-04-22 |s 2024-10-04 |t 9 |w 2019-11-22 |y BK |z Catalogado en:20160114 |k BIO | ||
| 952 | |0 0 |1 0 |2 ddc |3 erb |4 0 |6 590_000000000000000_HIC_2009 |7 0 |8 A |9 433582 |a BIBCUR |b BIBCUR |i 5262380 |l 6 |m 2 |o 590 HIC 2009 |p 5262380 |r 2025-04-22 |s 2024-09-11 |t 10 |w 2019-11-22 |y BK |z Catalogado en:20160114 |k BIO | ||
| 952 | |0 0 |1 0 |2 ddc |3 erb |4 0 |6 590_000000000000000_HIC_2009 |7 0 |8 A |9 433583 |a BIBCUR |b BIBCUR |i 5262399 |l 7 |m 2 |o 590 HIC 2009 |p 5262399 |r 2025-04-22 |s 2024-03-13 |t 11 |w 2019-11-22 |y BK |z Catalogado en:20160114 |k BIO | ||
| 952 | |0 0 |1 0 |2 ddc |3 erb |4 0 |6 590_000000000000000_HIC_2009 |7 0 |8 A |9 433584 |a BIBCUR |b BIBCUR |i 5262402 |l 9 |m 4 |o 590 HIC 2009 |p 5262402 |r 2025-04-22 |s 2024-10-15 |t 12 |w 2019-11-22 |y BK |z Catalogado en:20160114 |k BIO | ||
| 952 | |0 0 |1 0 |2 ddc |3 erb |4 0 |6 590_000000000000000_HIC_2009 |7 0 |8 A |9 433585 |a BIBCUR |b BIBCUR |i 5262410 |l 11 |m 9 |o 590 HIC 2009 |p 5262410 |r 2025-05-08 |s 2025-05-08 |t 13 |w 2019-11-22 |y BK |z Catalogado en:20160114 |k BIO | ||